| 000 | 00507nam a2200133Ia 4500 | ||
|---|---|---|---|
| 008 | 170221s9999 xx 000 0 und d | ||
| 100 | _aTengfei Li | ||
| 245 | 4 | _aThe Research and Prospect of Secure Data Access Control in Cloud Storage Environment | |
| 245 | _cTengfei Li, Liang Hu, Yan Li, Jianfeng Chu, Hongtu Li, and Hongying Han | ||
| 260 | _bJournal of Communications | ||
| 650 | _xCommunication | ||
| 650 | _xMedia Arts | ||
| 856 | _uhttp://www.jocm.us/index.php?m=content&c=index&a=lists&catid=152 | ||
| 999 |
_c312834 _d312834 |
||